Photoshop CS toàn tập
Nội dung sách giới thiệu các nguyên tắc cơ bản của Photoshop. Các thành phần cơ bản ảnh, các vùng chọn. In ấn, vẽ và nhập chữ, làm việc với các lớp, các kênh và mặt nạ, các bộ lọc và biến dạng. Chỉnh sửa và phục chế ảnh, Photoshop và Web...
Spremljeno u:
| Glavni autor: | |
|---|---|
| Format: | Knjiga |
| Jezik: | Undetermined |
| Izdano: |
Hà Nội
Thống kê
2005
|
| Teme: | |
| Oznake: |
Dodaj oznaku
Bez oznaka, Budi prvi tko označuje ovaj zapis!
|
| Thư viện lưu trữ: | Trung tâm Học liệu Trường Đại học Cần Thơ |
|---|
| LEADER | 00949nam a2200193Ia 4500 | ||
|---|---|---|---|
| 001 | CTU_105925 | ||
| 008 | 210402s9999 xx 000 0 und d | ||
| 020 | |c 115000 | ||
| 082 | |a 006.68 | ||
| 082 | |b T502 | ||
| 100 | |a Nguyễn, Ngọc Tuấn | ||
| 245 | 0 | |a Photoshop CS toàn tập | |
| 245 | 0 | |c Nguyễn Ngọc Tuấn | |
| 260 | |a Hà Nội | ||
| 260 | |b Thống kê | ||
| 260 | |c 2005 | ||
| 520 | |a Nội dung sách giới thiệu các nguyên tắc cơ bản của Photoshop. Các thành phần cơ bản ảnh, các vùng chọn. In ấn, vẽ và nhập chữ, làm việc với các lớp, các kênh và mặt nạ, các bộ lọc và biến dạng. Chỉnh sửa và phục chế ảnh, Photoshop và Web, Photoshop và in ấn. | ||
| 650 | |a Phần mềm chỉnh sửa hình ảnh,Adobe Photoshop | ||
| 980 | |a Trung tâm Học liệu Trường Đại học Cần Thơ | ||